000 00368nam a2200133Ia 4500
005 20260328104254.0
008 260328s9999||||xx |||||||||||||| ||und||
100 _aRebouças, Aldo C.
245 0 _aAguas Doces no Brasil :
_b Capital Ecológico, uso e Conservacao /
_cAldo C. Rebouças
260 _bEscrituras
300 _a748 p.
650 _aECOLOGÍA
942 _cBK
999 _c10348
_d10348